000 00574nam a22001697a 4500
005 20251108164846.0
008 250721s1992 xx 000 0 ara d
082 1 4 _a211.72/جوا
100 1 _aعفانه، جواد موسى محمد
245 1 0 _aالرأي الصواب في منسوخ الكتاب :
_bالآيات المنسوخه رفعها الله تعالى /
264 1 _aعمان :
_bدار البشير،
_c1992.
300 _a184ص
650 1 7 _aالقرآن الكريم
650 1 7 _aالناسخ و المنسوخ
942 _2ddc
_cBK
999 _c16054
_d16054